University Locations - Statistics

General Stats
  • This quiz has been taken 56 times
  • The average score is 14 of 15
Answer Stats
Universities Answer % Correct
University of Paris France
100%
Moscow State University Russia
100%
University of South Africa South Africa
100%
Cambridge University United Kingdom
100%
Princeton University United States of America
100%
University of Bologna Italy
98%
University of Zürich Switzerland
96%
University of British Columbia Canada
94%
Tohoku University Japan
94%
Tsinghua University China
91%
Jawaharlal Nehru University India
85%
Tecnologico de Monterrey Mexico
85%
University of Galway Ireland
83%
University of Karachi Pakistan
80%
Monash University Australia
52%
No matching quizzes found
Score Distribution
Percent of People with Each Score
Percentile by Number Answered
Your Score History
You have not taken this quiz